Britain and middle-east development (Record no. 490182)

000 -LEADER
fixed length control field 00425cam a22001097a 4500
008 - FIXED-LENGTH DATA ELEMENTS--GENERAL INFORMATION
fixed length control field 180718b1956 xxu||||| |||| 00| 0 eng d
082 ## - DEWEY DECIMAL CLASSIFICATION NUMBER
Classification number D78x42 Un3b
245 ## - TITLE STATEMENT
Title Britain and middle-east development
Statement of responsibility, etc. by Reference Divison, Central Office of Information
260 ## - PUBLICATION, DISTRIBUTION, ETC.
Place of publication, distribution, etc. London
Name of publisher, distributor, etc. Reference Divison. Central Office of Information
Date of publication, distribution, etc. 1956
300 ## - PHYSICAL DESCRIPTION
Extent 38+p.
700 ## - ADDED ENTRY--PERSONAL NAME
Personal name United Kingdom. Central Office of Information. Reference Division
Holdings
Withdrawn status Lost status Damaged status Not for loan Permanent Location Current Location Date acquired Full call number Barcode Date last seen Price effective from Koha item type
        Indian Institute of Public Administration Indian Institute of Public Administration 2018-08-04 D78x42 Un3b GG33222 2018-08-04 2018-08-04 GG

Powered by Koha